000 00475nam a2200217Ia 4500
001 094531
003 YMCAF
005 20230512161936.0
008 100717s2008 ||||||||||||||||| ||und|d
024 _a94531
035 _a33989
040 _aYMCAF
_beng
_cIN-KoLT
041 _aeng
082 _a004.6
_bFOR
100 _aForouzan, Bhrouz A
245 0 _aData communicatons and networking
250 _a4th
260 _bTMH
_c2008
300 _a1134
942 _2ddc
_cBK
999 _c9976
_d9976